000 00889cab a2200241 4500
001 ##L135661
008 061122n2006 000 0 eng u
035 _a(Sirsi) u135661
041 0 _aeng
100 1 _aPilkington, Lisa
245 0 0 _aFocus
_bEast Midlands
260 _c2006
490 0 _aEstates Gazette
_v(0644) 4 November 2006, 147-179(18)
520 _aConsiders Nottingham's growing reputation for gun crime which may be affecting demand for property and regeneration bodies which are pushing for more family homes in Nottingham city centre. Also provides a summary of the East Midland's office, industrial and retail markets.
590 _aKA
651 4 _aEAST MIDLANDS
651 4 _aNOTTINGHAM
690 _aPROPERTY-COMMERCIAL PROPERTY-COMMERCIAL PROPERTY MARKET
700 1 _aThame, David
700 1 _aHalstead, Ian
700 1 _aRobson, Claire
942 _n0
999 _c77967
_d77967